| 000 | 00806cab a2200205 4500 | ||
|---|---|---|---|
| 001 | ABS44214 | ||
| 008 | 090401t1991 xxu||||| |||| 00| 0 eng d | ||
| 035 | _a(Sirsi) u45881 | ||
| 041 | _aeng | ||
| 100 | _aMcCaig, I. | ||
| 245 | _aFire and its aftermath | ||
| 260 | _c1991 | ||
| 350 | _a0 | ||
| 490 |
_aConservation Bulletin _v(13) February 1991, 1-4(4) |
||
| 520 | _aReviews a recent Fire Protection Association publication "Heritage under fire - a guide to the protection of historic buildings ", which puts forward a systematic approach to fire safety treating each building on its individual merits and enables the appropriate package of fire precautions to be specified. | ||
| 650 | _aLISTED BUILDINGS | ||
| 690 | _aBUILT ENVIRONMENT-BUILDING STANDARDS | ||
| 942 | _n0 | ||
| 948 | _c04/03/1997 | ||
| 999 |
_c29025 _d29025 |
||